| 000 | 00604nam a2200205Ia 4500 | ||
|---|---|---|---|
| 003 | IN-BaIIA | ||
| 008 | 211028s9999 xx 000 0 eng d | ||
| 020 | _a0-13-050088-7 | ||
| 040 | _cIIA Library | ||
| 080 |
_a523.4-852 _bGOO |
||
| 100 |
_aGoody, Richard M _97417 |
||
| 245 | 0 |
_aAtmospheres _cRichard M. Goody and C. G. James Walker |
|
| 260 |
_aEnglewood Cliffs _bPrentice-Hall _c1972 |
||
| 300 | _ax, 150p. | ||
| 490 | _aFoundations of earth sciences series | ||
| 650 | _aAstronomy and astrophysics thesaurus | ||
| 650 |
_aAtmospheres _92122 |
||
| 700 |
_aWalker, James C. G. _97418 |
||
| 942 | _cBK | ||
| 999 |
_c4221 _d4221 |
||